Statistics for Camp Rock Franchise

Click here to take the quiz!

General Stats

  • This quiz has been taken 30 times
  • The average score is 2 of 7

Answer Stats

Type Year Name Info % Correct
TV Film2008Camp RockDisney Channel
100%
TV Film2010Camp Rock 2: The Final JamDisney Channel
96%
TV Show2009My Camp RockDisney Channel UK
0%
TV Show2009-2010My Camp Rock ScandinaviaDisney Channel Scandinavia
0%
TV Show2009-2010My Camp Rock SpainDisney Channel Spain
0%
TV Show2009-2010My Camp Rock FranceDisney Channel France
0%
TV Show2010My Camp Rock BeneluxDisney Channel Nederland
0%

Score Distribution

Percentile by Number Answered

Percent of People with Each Score

Your Score History

You have not taken this quiz